Регионална библиотека "Любен Каравелов" - Русе

Солови песни и леки арии [Нотирана музика] (Запис номер 349341)

MARC детайли
000 -Лидер
Контролно поле с фиксирана дължина ncm a22 a 4500
003 - Код на организацията, давaща контролен номер
Контролно поле BLK
005 - Дата и час на последна редакция
Контролно поле 20200403102137.0
008 - Елементи от данни с фиксирана дължина
fixed length control field 200324b bu ||||| |||| 00| 0 bu d
040 ## - Източник на каталожния запис
Идентификатор на билиотеката - собственик на записа BLK
041 ## - Код за език
Код за езика на текст/звукозапис или на отделно заглавие Български
Код за езика КДБФ Български
080 ## - УДК
Текстов определител УДК Камерна вок. муз. Песни, балади, арии, романси
УДК код - определител по УДК 784.3
УДК - код + определител 784.3
139 ## - Редно поле
Редна дума Солови песни и леки арии [Нотирана музика]
Авторски знак Сол - С 51
245 ## - Сведения за заглавието
Заглавие Солови песни и леки арии [Нотирана музика]
Подзаглавни данни За нисък и среден глас [със съпровод на пиано] за 1 и 2 курс на средно музикално училище
Редно поле (дума) състав. и ред. Льоли Даскалова, Лили Ракитска
260 ## - Област на издателските данни
9 (RLIN) 209430
Място на издаване, разпространение и проч. София
Име на издателя, разпространителя и проч. Музика
Година на издаване 1977
300 ## - Физическа характеристика
Страници 80 с.
Илюстрации и др. с ноти
Размери/Мащаб 33 см
380 ## - Жанр
Жанр Изкуство
500 ## - Общи забележки
Забележка Съдържа:<br/>Скъпа и сладка : c1-des2 / Алесандро Скарлати. Смилете се, хубави очи : cis1-e2 / Франческо Антонио Теналя. Ти го знаеш : b-es2 / Джузепе Торели. Имаш ли сърце, жестоки : es1-fes2 / Луиджи Манци. Ако ме обичаш : а-е2 / Джовани Перголези. Предачката : cis1-e2 / Франц Шуберт. Швейцарска песен : es1-es2 / Франц Шуберт. Два гарвана : h-d2 / Александър Алябиев ; текст Александър С. Пушкин. Иртиш : c1-f2 / Александър Алябиев ; текст И. Ветер. Песен за Шура : gis-gis2 / Тихон Хреников ; текст А. Гладков. Не ми се карай, майко : h-es2 / Александър Дюбюк. Песен за Одарка из Запорожци зад Дунава : c1-f / Семьон Гулак-Артемовски. Бандура : a-d2 / Виктор Косенко. Песен за песента : d1-d2 / Тихон Хреников. Запей ветре : a-d2 / Исак Дунаевски ; текст Василий Лебедев Кумач. Борове : c1-es2 / Наталия Леви ; текст Б. Лихарев. Льох! : c1-f2 / Людмила Прокопова. Леле, Яно : с1-d2 / Георги Златев-Черкин. Вечерен час : d1-e2 / Георги Златев-Черкин. Пролет моя : b-es1 / Лили Лесичсова ; текст Никола Й. Вапцаров. Момина песен : d1-fis2 / Лили Лесичкова ; текст Атанас Мочуров. Посвещение : h-d2 / Парашкев Хаджиев. Клонки : d1-e2 / Парашкев Хаджиев. Зима : des1-es2 / Тодор Попов ; текст Цветан Ангелов. 5 неаполитански народни песни: Птичка : d1-es2 ; Друнге-друнгете : cis1-d2 ; Празник на Пйедигрота : h-es2 ; Серенада : e1-e2 / обраб. В. Мельо ; Бедното магаренце : a-e2 / обраб. Л. Бискарди. 3 ломбардски народни песни: Сбогом : c1-f2 ; Серенада : с1-е2 ; Розина : c1-d2 / обраб. Дж. Джалдини.
700 ## - Други автори (авторска отговорност)
9 (RLIN) 1529
Лично име Даскалова, Льоли
Автороска отговорност (Описва отношението между автора и произведението) състав. и ред.
700 ## - Други автори (авторска отговорност)
9 (RLIN) 362550
Лично име Ракитска, Лили
Автороска отговорност (Описва отношението между автора и произведението) състав. и ред.
852 ## - Местоположение
Форматна сигнатура М ІІ 7367
999 ## - СИСТЕМНИ КОНТРОЛНИ НОМЕРА
Koha biblionumber 349341
Koha biblioitemnumber 349341
942 ## - АРТИКУЛИ
Вид на библиотечния материал Нотни издания
Скрит в OPAC Не
Периодичен библиозапис Да
944 ## - СЪЗДАВАНЕ И РЕДАКЦИЯ на ЗАПИСА
Създаване/Редакция Създаване
Дата на регистрацията/редакция 2020-03-24
Статус, дата на статуса 2020-03-24
999 ## - СИСТЕМНИ КОНТРОЛНИ НОМЕРА
Koha biblioitemnumber 349341
999 ## - СИСТЕМНИ КОНТРОЛНИ НОМЕРА
Koha biblioitemnumber 349341
Наличности
Код за отписване Код за изгубен артикул Източник на класификационната схема Код за повреда Коз за рестрикции Код за отдаване Артикулен № Име на библиотеката - собственик Име на библиотеката, в която се намира в момента Статус (Текущо местоположение) Дата на вписване в системата Местоположение - отдел Цена в лева Инвентарен номер Систематично азбучна сигнатура Баркод Цена в евро Служебен тип на артикула
  Не е изгубен Universal Decimal Classification Не е повреден без рестрикции заемане за дома 756611 Регионална библиотека "Любен Каравелов" Русе Регионална библиотека "Любен Каравелов" Русе Отдел Изкуство - подръчен фонд 2020-03-24 Отдел Изкуство - подръчен фонд 3.59 265560 784/С 51 120000265560 1.84 Нотни издания
  Не е изгубен Universal Decimal Classification Не е повреден без рестрикции заемане за дома 756612 Регионална библиотека "Любен Каравелов" Русе Регионална библиотека "Любен Каравелов" Русе Отдел Изкуство - подръчен фонд 2020-03-24 Отдел Изкуство - подръчен фонд 3.59 232355 784/С 51 120000232355 1.84 Нотни издания
  Не е изгубен Universal Decimal Classification Не е повреден само за читалня ползва се в читалня 778307 Регионална библиотека "Любен Каравелов" Русе Регионална библиотека "Любен Каравелов" Русе Хранилище 2020-06-24 Хранилище 3.59 229279 Цб М II 7367 900000018957 1.84 Нотни издания
Vip Innovations Ltd, Rousse, Bulgaria 2025